000 00231nam a22000857a 4500
008 161227b xxu||||| |||| 00| 0 eng d
100 _92166
_aRangachari.D
245 _aColours in my world
260 _aNew Delhi
_bChildrens Book Trust
_c2011
999 _c5055
_d5055